Online
Catalog

El proceso revolucionario dominicano y sus enseñanzas / (Record no. 41813)

MARC details
000 -CABECERA
campo de control de longitud fija 01099nam a2200301 i 4500
001 - NÚMERO DE CONTROL
campo de control 000042324
003 - IDENTIFICADOR DEL NÚMERO DE CONTROL
campo de control DO-SdBNP
005 - FECHA Y HORA DE LA ÚLTIMA TRANSACCIÓN
campo de control 20241119125511.0
007 - CAMPO FIJO DE DESCRIPCIÓN FÍSICA--INFORMACIÓN GENERAL
campo de control de longitud fija ta
008 - DATOS DE LONGITUD FIJA--INFORMACIÓN GENERAL
campo de control de longitud fija 131125s1985 dr 000 0 spa d
040 ## - FUENTE DE LA CATALOGACIÓN
Centro catalogador/agencia de origen DO-SdBNP
Lengua de catalogación spa
Centro/agencia transcriptor BNPHU
Normas de descripción rda
082 ## - NÚMERO DE LA CLASIFICACIÓN DECIMAL DEWEY
Número de clasificación xxx
Número de documento/Ítem C965p
Número de edición 22
100 1# - ENTRADA PRINCIPAL--NOMBRE DE PERSONA
Nombre de persona Cuello, José Israel
Término indicativo de función/relación autor
9 (RLIN) 25882
245 13 - MENCIÓN DE TÍTULO
Título El proceso revolucionario dominicano y sus enseñanzas /
Mención de responsabilidad, etc. José Israel Cuello, Narciso Isa Conde.
264 ## - PRODUCCIÓN, PUBLICACIÓN, DISTRIBUCIÓN, FABRICACIÓN Y COPYRIGHT
Producción, publicación, distribución, fabricación y copyright Santo Domingo :
Nombre del de productor, editor, distribuidor, fabricante Taller,
Fecha de producción, publicación, distribución, fabricación o copyright 1985.
300 ## - DESCRIPCIÓN FÍSICA
Extensión 45 páginas ;
Dimensiones 20 cm.
336 ## - TIPO DE CONTENIDO
Término de tipo de contenido rdacontent
Código de tipo de contenido texto
Fuente txt
337 ## - TIPO DE MEDIO
Nombre/término del tipo de medio rdamedia
Código del tipo de medio sin mediación
Fuente n
338 ## - TIPO DE SOPORTE
Nombre/término del tipo de soporte rdacarrier
Código del tipo de soporte volumen
Fuente nc
490 1# - MENCIÓN DE SERIE
Mención de serie Biblioteca Taller
Designación de volumen o secuencia 187
500 ## - NOTA GENERAL
Nota general A 20 años de la revolución de abril de 1965
500 ## - NOTA GENERAL
Nota general Publicado y escrito originalmente en y para la revista internacional problemas de la paz y del socialismo en los números 12 de 1965 y 1 de 1966 (89) en 17 idiomas
590 ## - NOTA LOCAL (RLIN)
Nota local Inventariado, 2024/DG
700 1# - PUNTO DE ACCESO ADICIONAL--NOMBRE DE PERSONA
Nombre de persona Isa Conde, Narciso,
Fechas asociadas al nombre 1942-
9 (RLIN) 12387
830 #0 - PUNTO DE ACCESO ADICIONAL DE SERIE-TÍTULO UNIFORME
Título uniforme Biblioteca Taller
Designación de volumen o secuencia 187
9 (RLIN) 164
910 ## - DATOS DE OPCIÓN DEL USUARIO (OCLC)
Datos de opción del usuario DG
942 ## - ELEMENTOS DE PUNTO DE ACCESO ADICIONAL (KOHA)
Fuente del sistema de clasificación o colocación Dewey Decimal Classification
Tipo de ítem Koha Folleto
Holdings
Estado de retiro Estado de pérdida No para préstamo Código de colección Localización permanente Ubicación/localización actual Ubicación en estantería Fecha de adquisición Número de inventario Total de préstamos Signatura topográfica completa Código de barras Fecha visto por última vez Precio válido a partir de Tipo de ítem Koha Fuente del sistema de clasificación o colocación Restricciones de uso Fuente de adquisición Número de copia Nota pública
      Patrimonio Dominicano Biblioteca Nacional Pedro Henríquez Ureña Biblioteca Nacional Pedro Henríquez Ureña En catalogación 19.11.2024     BNPHU PD C965p 2024-6505 19.11.2024 19.11.2024 Folleto Dewey Decimal Classification Excluido de préstamo Donado por la Presidencia de la República Dominicana 2023 e.2 Pertenecio a la biblioteca personal de Emilio Cordero Michel
    Excluido de préstamo Patrimonio Dominicano Patrimonio Dominicano Patrimonio Dominicano En catalogación 25.11.2013 LF1   42324-10 25.06.2020 25.06.2020 Libro y Folleto Colección Patrimonio Dominicano          

Powered by Koha